National accounts of OECD countries financial accounts 2014

Salvato in:
Dettagli Bibliografici
Natura: Libro
Lingua:inglese
Pubblicazione: Paris OECD 2015
Soggetti:
Tags: Aggiungi Tag
Nessun Tag, puoi essere il primo ad aggiungerne!!

MARC

LEADER 00000nam a2200000 4500
001 0212160
005 20240422072603.9
020 |a 978-92-64-22870-2 
022 |a 2221-528X 
041 0 |a eng 
044 |a FR 
245 1 0 |a National accounts of OECD countries  |b financial accounts 2014 
264 1 |a Paris  |b OECD  |c 2015 
300 |a 283 s. 
610 2 0 |a účty národné 
610 2 0 |a účtovníctvo národné 
610 2 0 |a účty finančné 
610 2 0 |a účtovníctvo finančné 
610 2 0 |a inštitúcie finančné 
610 2 0 |a domácnosti 
610 2 0 |a hospodárstvo národné